| 000 | 00460cam a22001337a 4500 | ||
|---|---|---|---|
| 008 | 180718b1961 xxu||||| |||| 00| 0 eng d | ||
| 082 | _aBA27x54 In2d | ||
| 100 | _aIndia. Scheduled Areas and Scheduled Tribes Commission | ||
| 245 | _aReport of the Scheduled Areas and Scheduled Tribes Commission, 1960-61 | ||
| 260 |
_aDelhi _bThe Manager of Publications _c1961 |
||
| 300 | _a2v. | ||
| 500 | _aContents: v.1. 564+p;v.2. 164p | ||
| 700 | _aDhebar, U.N. (Chairman) | ||
| 999 |
_c489152 _d489152 |
||